000 00579nam a2200193Ia 4500
005 20250508165411.0
008 008 250505s9999 xx 000 0 eng d
037 _aDissertations
040 _aFEDL
_beng
_cFEDL
041 _aeng
_2eng
084 _a507, SIN/DI
_qFEDL
100 _aSingh Ranjna
_9780746
245 0 _aContinuous and comprehensive evaluation in science: An analytical study
260 _c2014
300 _a125p.
546 _aM.Ed. Dissertation, (Delhi University); C D Included
942 _cDIS
_h507, SIN/DI
999 _c1394904
_d1394904